000 00328nam a2200145Ia 4500
008 230718s9999 xx 000 0 und d
041 _aEng.
082 _a288.93
_bKAZ-Y
100 _aKazi Ahmad Kazi
245 0 _ayha Gujrawala ha
260 _aPakistan
_bKhadim press
_c2016
300 _a317
650 _aLaw
999 _c31596
_d31596